[Event "Irish International Open 2019"]
[Site "Dublin"]
[Date "2019.04.19"]
[Round "4.23"]
[White "Scott, Luke"]
[Black "Reprun, Nadejda"]
[Result "0-1"]
[WhiteElo "1881"]
[BlackElo "1995"]
[Annotator "NA"]
[PlyCount "46"]
[EventDate "2019.02.28"]
[EventType "swiss"]
[EventCountry "IRL"]
[SourceTitle "playchess.com"]
[Source "ChessBase"]
[SourceQuality "1"]
[TimeControl "5400+30"]

1. d4 {[%emt 0:00:00]} d5 {[%emt 0:00:00]} 2. c4 {[%emt 0:00:00]} c6 {[%emt 0:00:00]} 3. Nc3 {[%emt 0:00:00]} Nf6 {[%emt 0:00:00]} 4. Nf3 {[%emt 0:00:00]} dxc4 {[%emt 0:00:00]} 5. a4 {[%emt 0:00:00]} Bf5 {[%emt 0:00:00]} 6. Ne5 {[%emt 0:00:05]} Nbd7 {[%emt 0:00:04]} 7. Nxc4 {[%emt 0:07:11]} Qc7 {[%emt 0:00:20]} 8. f3 {[%emt 0:05:00]} e5 {[%emt 0:06:02]} 9. dxe5 {[%emt 0:09:34]} Nxe5 {[%emt 0:00:29]} 10. e4 {[%emt 0:00:21]} Be6 {[%emt 0:03:01]} 11. Nxe5 {[%emt 0:02:46]} Qxe5 {[%emt 0:00:47]} 12. Be3 {[%emt 0:01:48]} Bb4 {[%emt 0:20:48]} 13. Qc2 {[%emt 0:07:50]} Nd5 {[%emt 0:09:17]} 14. Bd2 {[%emt 0:03:04]} O-O {[%emt 0:03:18]} 15. Be2 {[%emt 0:04:12]} Nf4 {[%emt 0:01:13]} 16. Bxf4 {[%emt 0:07:07]} Qxf4 {[%emt 0:00:07]} 17. O-O {[%emt 0:00:48]} Rad8 {[%emt 0:07:19]} 18. Rad1 {[%emt 0:05:16]} h5 {[%emt 0:00:58]} 19. Rxd8 {[%emt 0:03:49]} Rxd8 {[%emt 0:00:02]} 20. Rd1 {[%emt 0:00:07]} Rxd1+ {[%emt 0:04:21]} 21. Bxd1 {[%emt 0:01:34]} Bc5+ {[%emt 0:01:08]} 22. Kh1 {[%emt 0:02:40]} Qe3 {[%emt 0:03:26]} 23. Ne2 {[%emt 0:00:10]} Bh3 {[%emt 0:06:20]} 0-1

[Event "Irish International Open 2019"]
[Site "Dublin"]
[Date "2019.04.19"]
[Round "4.24"]
[White "Fox, Anthony"]
[Black "Moran, Darragh"]
[Result "1/2-1/2"]
[WhiteElo "2031"]
[BlackElo "1844"]
[Annotator "NA"]
[PlyCount "55"]
[EventDate "2019.02.28"]
[EventType "swiss"]
[EventCountry "IRL"]
[SourceTitle "playchess.com"]
[Source "ChessBase"]
[SourceQuality "1"]
[TimeControl "5400+30"]

1. e4 {[%emt 0:00:00]} e6 {[%emt 0:00:00]} 2. d3 {[%emt 0:00:00]} d5 {[%emt 0:00:00]} 3. Nd2 {[%emt 0:00:00]} Nf6 {[%emt 0:00:00]} 4. Ngf3 {[%emt 0:00:01]} c5 {[%emt 0:00:00]} 5. g3 {[%emt 0:00:11]} Nc6 {[%emt 0:00:00]} 6. Bg2 {[%emt 0:00:16]} Be7 {[%emt 0:00:00]} 7. O-O {[%emt 0:00:11]} O-O {[%emt 0:00:02]} 8. Re1 {[%emt 0:00:32]} b5 {[%emt 0:00:09]} 9. e5 {[%emt 0:01:34]} Nd7 {[%emt 0:00:35]} 10. h4 {[%emt 0:01:17]} a5 {[%emt 0:01:28]} 11. Nf1 {[%emt 0:00:34]} Qb6 {[%emt 0:00:05]} 12. N1h2 {[%emt 0:02:16]} Ba6 {[%emt 0:00:13]} 13. h5 {[%emt 0:02:36]} Rfc8 {[%emt 0:02:31]} 14. Ng4 {[%emt 0:03:26]} h6 {[%emt 0:01:57]} 15. Bf4 {[%emt 0:02:54]} Bf8 {[%emt 0:01:26]} 16. Bh3 {[%emt 0:08:53]} b4 {[%emt 0:01:16]} 17. Nh4 {[%emt 0:01:23]} c4 {[%emt 0:05:25]} 18. dxc4 {[%emt 0:04:36]} dxc4 {[%emt 0:15:54]} 19. Nxh6+ {[%emt 0:06:56]} gxh6 {[%emt 0:01:17]} 20. Bxe6 {[%emt 0:00:06]} fxe6 {[%emt 0:06:58]} 21. Qg4+ {[%emt 0:04:59]} Kh8 {[%emt 0:06:10]} 22. Qxe6 {[%emt 0:09:19]} Ne7 {[%emt 0:04:59]} 23. Qxd7 {[%emt 0:02:24]} Rd8 {[%emt 0:04:22]} 24. Qg4 {[%emt 0:02:16]} Bb7 {[%emt 0:06:01]} 25. e6 {[%emt 0:02:04]} Qc6 {[%emt 0:02:35]} 26. Kh2 {[%emt 0:07:33]} Bg7 {[%emt 0:01:14]} 27. Rad1 {[%emt 0:02:28]} a4 {[%emt 0:07:17]} 28. Rd7 {[%emt 0:11:04]} 1/2-1/2

[Event "Irish International Open 2019"]
[Site "Dublin"]
[Date "2019.04.19"]
[Round "4.25"]
[White "Mulligan, Scott"]
[Black "Halvorsen, Benjamin"]
[Result "1-0"]
[WhiteElo "2006"]
[BlackElo "1767"]
[Annotator "NA"]
[PlyCount "27"]
[EventDate "2019.02.28"]
[EventType "swiss"]
[EventCountry "IRL"]
[SourceTitle "playchess.com"]
[Source "ChessBase"]
[SourceQuality "1"]
[TimeControl "5400+30"]

1. d4 {[%emt 0:00:00]} f5 {[%emt 0:00:00]} 2. Qd3 {[%emt 0:00:00]} g6 {[%emt 0:00:28]} 3. g4 {[%emt 0:00:00]} fxg4 {[%emt 0:01:50]} 4. h3 {[%emt 0:00:02]} gxh3 {[%emt 0:02:51]} 5. Nxh3 {[%emt 0:00:08]} d5 {[%emt 0:04:19]} 6. Ng5 {[%emt 0:05:05]} Nf6 {[%emt 0:08:05]} 7. Rxh7 {[%emt 0:04:24]} Bf5 {[%emt 0:08:13]} 8. Rxh8 {[%emt 0:03:20]} Bxd3 {[%emt 0:02:17]} 9. Rxf8+ {[%emt 0:00:56]} Kxf8 {[%emt 0:00:14]} 10. Ne6+ {[%emt 0:00:04]} Ke8 {[%emt 0:01:05]} 11. Nxd8 {[%emt 0:00:03]} Bxc2 {[%emt 0:04:30]} 12. Nxb7 {[%emt 0:02:14]} Nc6 {[%emt 0:00:58]} 13. e3 {[%emt 0:01:41]} e5 {[%emt 0:04:42]} 14. Bb5 {[%emt 0:00:06]} 1-0

[Event "Irish International Open 2019"]
[Site "Dublin"]
[Date "2019.04.19"]
[Round "4.26"]
[White "Cafolla, Peter"]
[Black "Phelan, Leo"]
[Result "0-1"]
[WhiteElo "1949"]
[BlackElo "1708"]
[Annotator "NA"]
[PlyCount "88"]
[EventDate "2019.02.28"]
[EventType "swiss"]
[EventCountry "IRL"]
[SourceTitle "playchess.com"]
[Source "ChessBase"]
[SourceQuality "1"]
[TimeControl "5400+30"]

1. e4 {[%emt 0:00:00]} c5 {[%emt 0:00:00]} 2. b3 {[%emt 0:00:00]} Nc6 {[%emt 0:01:07]} 3. Bb2 {[%emt 0:00:03]} Nf6 {[%emt 0:01:55]} 4. Nc3 {[%emt 0:00:31]} g6 {[%emt 0:01:10]} 5. f4 {[%emt 0:03:31]} d6 {[%emt 0:01:32]} 6. Nd5 {[%emt 0:11:57]} Bg7 {[%emt 0:05:29]} 7. Nxf6+ {[%emt 0:07:10]} exf6 {[%emt 0:01:13]} 8. Bb5 {[%emt 0:06:33]} O-O {[%emt 0:01:12]} 9. Bxc6 {[%emt 0:00:30]} bxc6 {[%emt 0:00:07]} 10. Nf3 {[%emt 0:03:52]} Re8 {[%emt 0:04:25]} 11. d3 {[%emt 0:00:04]} d5 {[%emt 0:01:02]} 12. Nd2 {[%emt 0:00:23]} dxe4 {[%emt 0:07:01]} 13. dxe4 {[%emt 0:00:09]} Bf5 {[%emt 0:00:12]} 14. O-O {[%emt 0:02:55]} Bxe4 {[%emt 0:02:04]} 15. Nxe4 {[%emt 0:00:07]} Rxe4 {[%emt 0:00:18]} 16. Qxd8+ {[%emt 0:05:24]} Rxd8 {[%emt 0:00:05]} 17. f5 {[%emt 0:01:15]} Rd2 {[%emt 0:07:15]} 18. Rf2 {[%emt 0:02:03]} Rxf2 {[%emt 0:00:46]} 19. Kxf2 {[%emt 0:00:05]} Rf4+ {[%emt 0:00:07]} 20. Kg3 {[%emt 0:00:56]} Rxf5 {[%emt 0:00:10]} 21. c4 {[%emt 0:00:06]} Kf8 {[%emt 0:06:41]} 22. Rd1 {[%emt 0:00:28]} Ke7 {[%emt 0:00:23]} 23. Re1+ {[%emt 0:00:35]} Kd7 {[%emt 0:00:13]} 24. Rd1+ {[%emt 0:00:08]} Kc7 {[%emt 0:00:21]} 25. Bc1 {[%emt 0:08:16]} g5 {[%emt 0:04:17]} 26. Be3 {[%emt 0:03:15]} Bf8 {[%emt 0:01:06]} 27. Kg4 {[%emt 0:00:19]} Re5 {[%emt 0:01:13]} 28. Kf3 {[%emt 0:01:43]} h6 {[%emt 0:03:46]} 29. g4 {[%emt 0:00:38]} Bd6 {[%emt 0:00:47]} 30. h4 {[%emt 0:00:59]} Re6 {[%emt 0:06:12]} 31. h5 {[%emt 0:05:35]} Re5 {[%emt 0:00:40]} 32. Bd2 {[%emt 0:01:54]} f5 {[%emt 0:02:06]} 33. Ba5+ {[%emt 0:04:42]} Kd7 {[%emt 0:00:25]} 34. Bc3 {[%emt 0:00:49]} fxg4+ {[%emt 0:01:34]} 35. Kxg4 {[%emt 0:00:08]} f5+ {[%emt 0:01:22]} 36. Kf3 {[%emt 0:00:11]} Re6 {[%emt 0:01:15]} 37. Rd3 {[%emt 0:03:18]} Ke7 {[%emt 0:05:22]} 38. a3 {[%emt 0:04:43]} g4+ {[%emt 0:01:02]} 39. Kf2 {[%emt 0:00:09]} f4 {[%emt 0:00:27]} 40. b4 {[%emt 0:01:15]} f3 {[%emt 0:01:56]} 41. Rd2 {[%emt 0:00:54]} Bf4 {[%emt 0:01:47]} 42. Rb2 {[%emt 0:02:30]} Re3 {[%emt 0:00:34]} 43. Rc2 {[%emt 0:01:13]} g3+ {[%emt 0:01:04]} 44. Kf1 {[%emt 0:00:05]} Rd3 {[%emt 0:01:21]} 0-1

[Event "Irish International Open 2019"]
[Site "Dublin"]
[Date "2019.04.19"]
[Round "4.27"]
[White "Kersten, Julian"]
[Black "Farrelly, Eoin"]
[Result "1-0"]
[WhiteElo "1996"]
[BlackElo "1644"]
[Annotator "NA"]
[PlyCount "85"]
[EventDate "2019.02.28"]
[EventType "swiss"]
[EventCountry "IRL"]
[SourceTitle "playchess.com"]
[Source "ChessBase"]
[SourceQuality "1"]
[TimeControl "5400+30"]

1. d4 {[%emt 0:00:00]} d5 {[%emt 0:00:00]} 2. Bg5 {[%emt 0:00:56]} c5 {[%emt 0:02:12]} 3. dxc5 {[%emt 0:00:18]} Qa5+ {[%emt 0:05:56]} 4. Nc3 {[%emt 0:03:22]} e6 {[%emt 0:00:45]} 5. a3 {[%emt 0:03:31]} Qxc5 {[%emt 0:02:44]} 6. Qd2 {[%emt 0:02:26]} Bd6 {[%emt 0:08:24]} 7. Nf3 {[%emt 0:06:50]} Ne7 {[%emt 0:02:11]} 8. e4 {[%emt 0:01:38]} b6 {[%emt 0:21:37]} 9. e5 {[%emt 0:10:00]} Bxe5 {[%emt 0:09:30]} 10. Nxe5 {[%emt 0:00:58]} d4 {[%emt 0:00:50]} 11. Qf4 {[%emt 0:04:22]} f6 {[%emt 0:03:13]} 12. Bb5+ {[%emt 0:12:23]} Nbc6 {[%emt 0:08:12]} 13. Ne4 {[%emt 0:12:04]} Qxe5 {[%emt 0:17:21]} 14. Qxe5 {[%emt 0:02:21]} fxe5 {[%emt 0:14:05]} 15. Bxe7 {[%emt 0:00:26]} Kxe7 {[%emt 0:00:00]} 16. Bxc6 {[%emt 0:00:12]} Rb8 {[%emt 0:00:00]} 17. Bb5 {[%emt 0:00:50]} Bb7 {[%emt 0:00:00]} 18. Bd3 {[%emt 0:00:21]} Rhf8 {[%emt 0:00:00]} 19. O-O {[%emt 0:00:26]} Rf4 {[%emt 0:00:00]} 20. Rae1 {[%emt 0:01:10]} h6 {[%emt 0:00:00]} 21. Nd2 {[%emt 0:01:33]} Rg4 {[%emt 0:00:00]} 22. f3 {[%emt 0:00:45]} Rg5 {[%emt 0:00:00]} 23. Nc4 {[%emt 0:01:15]} Kf6 {[%emt 0:00:00]} 24. Nd6 {[%emt 0:00:19]} Bd5 {[%emt 0:00:00]} 25. Ne4+ {[%emt 0:00:16]} Bxe4 {[%emt 0:00:00]} 26. Rxe4 {[%emt 0:00:12]} Ke7 {[%emt 0:00:02]} 27. Rfe1 {[%emt 0:02:12]} Rc8 {[%emt 0:01:23]} 28. Rxe5 {[%emt 0:00:57]} Rxe5 {[%emt 0:00:10]} 29. Rxe5 {[%emt 0:00:08]} Kd6 {[%emt 0:00:17]} 30. Re4 {[%emt 0:00:21]} e5 {[%emt 0:03:22]} 31. f4 {[%emt 0:00:14]} Re8 {[%emt 0:00:25]} 32. fxe5+ {[%emt 0:00:15]} Rxe5 {[%emt 0:00:07]} 33. Rxe5 {[%emt 0:00:12]} Kxe5 {[%emt 0:00:08]} 34. Kf2 {[%emt 0:00:16]} Kf4 {[%emt 0:00:37]} 35. h3 {[%emt 0:00:38]} a5 {[%emt 0:02:13]} 36. g3+ {[%emt 0:02:13]} Kg5 {[%emt 0:01:04]} 37. Kf3 {[%emt 0:00:02]} h5 {[%emt 0:00:24]} 38. Ke4 {[%emt 0:00:17]} h4 {[%emt 0:00:17]} 39. g4 {[%emt 0:00:04]} Kf6 {[%emt 0:00:59]} 40. Kxd4 {[%emt 0:00:11]} Kg5 {[%emt 0:00:40]} 41. Ke4 {[%emt 0:00:14]} Kf6 {[%emt 0:00:06]} 42. b4 {[%emt 0:00:21]} axb4 {[%emt 0:00:22]} 43. axb4 {[%emt 0:00:02]} 1-0

[Event "Irish International Open 2019"]
[Site "Dublin"]
[Date "2019.04.20"]
[Round "5.1"]
[White "Ruck, Robert"]
[Black "Saric, Ante"]
[Result "1/2-1/2"]
[WhiteElo "2522"]
[BlackElo "2530"]
[Annotator "TA"]
[PlyCount "35"]
[EventDate "2019.02.28"]
[EventType "swiss"]
[EventCountry "IRL"]
[SourceTitle "playchess.com"]
[Source "ChessBase"]
[SourceQuality "1"]

{[%evp 18,35,19,3,16,-4,-10,0,-8,-28,-4,0,0,-16,-10,-34,0,-43,36,25]} 1. Nf3 Nf6 2. g3 d5 3. Bg2 c6 4. O-O Bg4 5. b3 Nbd7 6. Bb2 e6 7. c4 Bd6 8. d4 O-O 9. Nbd2 Qe7 10. a3 h6 $146 {D11: Slav Defence: 3 Nf3 sidelines and 3...Nf6 4 e3 Bg4} ({Predecessor:} 10... Bh5 11. Re1 Rfd8 12. Qc2 Bg6 13. Qc3 Rac8 14. Nh4 c5 15. Nxg6 hxg6 16. dxc5 Nxc5 17. Qe3 Ng4 18. Qf3 {0-1 (39) Huang,Q (2450)-Gunina,V (2496) Huaian 2016}) 11. b4 a5 12. c5 Bc7 {The position is equal.} 13. Bc3 e5 14. dxe5 Nxe5 15. Nd4 Rfe8 16. Qc2 Ng6 17. Qb2 Ne4 (17... h5 $15) 18. Nxe4 1/2-1/2

[Event "Irish International Open 2019"]
[Site "Dublin"]
[Date "2019.04.20"]
[Round "5.2"]
[White "Larino Nieto, David"]
[Black "Jovanic, Ognjen"]
[Result "0-1"]
[WhiteElo "2434"]
[BlackElo "2515"]
[Annotator "TA"]
[PlyCount "90"]
[EventDate "2019.02.28"]
[EventType "swiss"]
[EventCountry "IRL"]
[SourceTitle "playchess.com"]
[Source "ChessBase"]
[SourceQuality "1"]

{[%evp 19,90,17,14,8,15,0,0,0,6,6,0,0,0,0,10,-11,48,44,72,49,61,12,12,0,0,-108,-120,-305,-295,-279,-24,-16,-16,-22,-15,-18,-10,-25,17,-135,-130,-455,-449,-441,-427,-626,-622,-629,-634,-623,-616,-633,0,-483,-479,-630,-611,-200,-603,-682,-662,-702,-682,-29986,-29987,-6114,-800,-29992,-29993,-29993,-29985,-29994,-29995]} 1. Nf3 d5 2. b3 Bf5 3. Bb2 e6 4. d3 h6 5. g3 Nf6 6. Bg2 Be7 7. O-O O-O 8. Nbd2 c6 9. Re1 Bh7 10. e4 a5 11. a4 {A07: Réti Opening: New York and Capablanca Systems} (11. a3 Na6 12. Qe2 b5 13. Rad1 Qb6 14. Bh3 dxe4 15. Nxe4 Nxe4 16. dxe4 Rad8 17. Ne5 Bf6 18. Bg2 Nb8 19. c4 {1-0 (52) Fedoseev,V (2724)-Shankland,S (2725) Wijk aan Zee 2019}) 11... Na6 12. e5 Nd7 13. Nd4 {The position is equal.} c5 14. Nb5 Nb4 15. f4 Rc8 $146 ({Predecessor:} 15... Qb6 16. Kh1 Bxd3 17. cxd3 Nxd3 {0-1 (75) Byrne,M-Edelstein,M Canada 1987}) 16. Re2 Nb6 17. Nf1 Qd7 (17... c4 $11) 18. Ne3 $14 Rfd8 19. Rd2 Na8 20. h4 (20. c3 {seems wilder.} Nc6 21. c4 d4 22. Ng4 Nc7 23. Nf2) 20... Nc7 21. Nxc7 Qxc7 22. Qf3 (22. Kh1 $11 {keeps the balance.}) 22... Qb6 23. f5 $2 (23. Kh2 $17) 23... c4 $1 $19 {[%cal Rc4c3]} 24. f6 (24. bxc4 dxc4 25. f6 Bf8 $19) 24... gxf6 $2 (24... Bf8 $1 $19 25. Ba3 (25. bxc4 $2 dxc4 26. Ba3 cxd3 $19) 25... cxd3 26. cxd3 Bc5) 25. exf6 Bf8 26. Qg4+ $1 {[%mdl 64] Double Attack} ({But not} 26. bxc4 dxc4 27. Ba3 cxd3 $19) ({Avoid the trap} 26. dxc4 $2 Nxc2 27. Rxc2 Bxc2 $19) 26... Kh8 27. Bd4 Qc7 28. dxc4 dxc4 29. Nxc4 $2 ({White must play} 29. Rad1 $1 $11) 29... Bf5 $36 {[%mdl 2048] White is under strong pressure.} 30. Qh5 $2 {[%mdl 8192] [#]} (30. Qd1 $17 Rxd4 31. Rxd4 Qxg3 32. Qf3 Qxf3 33. Bxf3 Nxc2 34. Rdd1 Nxa1 35. Rxa1) 30... Rxd4 $1 $19 {[%mdl 576] Deflection, Decoy} 31. Rxd4 {Strongly threatening Rf4.} Nxc2 {[%mdl 64] Double Attack} 32. Nd6 (32. Rd7 $142 Qxd7 33. Rd1) 32... Bg6 (32... Nxa1 33. Nxf7+ Kg8 34. Rg4+ $1 {[%mdl 512]} Kh7 35. Rc4 $16) 33. Qd1 {Hoping for Rc4.} Bxd6 34. Rxd6 {And now Rc1 would win.} Nxa1 35. Kh2 {[#]} Qc3 $2 ({Better is} 35... Nxb3 $1 $19 36. Rd7 (36. Qxb3 Qxd6) 36... Qc2) 36. h5 $2 {[%mdl 8192] [#]} (36. Rd8+ $11 {and White is okay.} Kh7 37. h5 Rxd8 38. Qxd8) 36... Bh7 $1 37. Rd8+ Rxd8 38. Qxd8+ Bg8 39. Be4 {intending Bg6!} Nxb3 40. Qe7 Nd2 41. Bg6 Nf3+ 42. Kg2 Ng5 {...Qf3+ is the strong threat.} 43. g4 Qf3+ {Black mates.} 44. Kg1 Nh3+ 45. Kh2 Nf4 {Accuracy: White = 28%, Black = 62%.} 0-1

[Event "Irish International Open 2019"]
[Site "Dublin"]
[Date "2019.04.20"]
[Round "5.3"]
[White "Burg, Twan"]
[Black "Jackson, James P"]
[Result "1-0"]
[WhiteElo "2519"]
[BlackElo "2388"]
[Annotator "TA"]
[PlyCount "99"]
[EventDate "2019.02.28"]
[EventType "swiss"]
[EventCountry "IRL"]
[SourceTitle "playchess.com"]
[Source "ChessBase"]
[SourceQuality "1"]

{[%evp 28,99,19,17,37,31,172,156,145,156,127,78,81,86,85,79,88,52,58,54,68,44,51,52,51,32,41,31,54,52,42,55,47,45,44,25,54,27,41,14,35,-37,10,10,13,5,16,7,85,83,122,120,121,121,121,121,121,113,113,116,117,114,255,255,254,247,241,240,203,192,257,257,257,248]} 1. e4 e5 2. Nf3 Nc6 3. Bb5 a6 4. Ba4 Nf6 5. O-O Be7 6. Re1 b5 7. Bb3 d6 8. c3 O-O 9. h3 Bb7 10. d4 Re8 11. Nbd2 Bf8 12. Bc2 h6 13. a3 Nb8 14. b4 Nbd7 15. Bb2 exd4 {C93: Closed Ruy Lopez: Smyslov Variation} 16. cxd4 {[#]} d5 $146 ({Better is} 16... Nb6 $14) ({Predecessor:} 16... c5 17. bxc5 dxc5 18. Rc1 c4 19. Bb1 Be7 20. Qc2 Nf8 21. d5 Rc8 22. Re3 Bc5 23. Bd4 {½-½ (45) Stalmach,K (2329)-Kitson,K (2549) ICCF email 2004}) 17. e5 $18 Ne4 {White is clearly better.} 18. Nxe4 dxe4 19. Bxe4 Bxe4 20. Rxe4 Nf6 21. Re1 Nd5 22. Nd2 a5 23. bxa5 Rxa5 24. Nf1 Qd7 25. Ne3 Rea8 {[%cal Rf8a3]} 26. Nc2 Ra4 27. Qf3 R8a6 28. Rad1 c6 29. Rd3 Qe6 30. Red1 Be7 31. Bc1 Nb6 32. Re1 Nd5 33. Bd2 Qg6 34. Rb1 (34. Bb4 $14) 34... Rc4 (34... Bxa3 $5 35. Qg3 (35. Nxa3 Rxa3 36. Rxa3 Qxb1+ 37. Kh2 Rxa3 $17) 35... Kh7 $15) 35. Rb2 Raa4 36. Qe2 (36. Kh2 {keeps more tension.} Bf8 37. Qe2 Qf5 38. f3 Qd7 39. f4) 36... Bg5 37. Nb4 {Threatening Nxd5.} Nxb4 (37... Bxd2 $1 $11 38. Qxd2 Nxb4 {[%mdl 64] Remove Defender}) 38. Bxb4 $16 Qe6 39. Rc2 Be7 40. Rxc4 bxc4 41. Rc3 $1 Bxb4 42. Rxc4 ({But not} 42. axb4 $6 Rxb4 43. Ra3 Rb1+ 44. Kh2 Qf5 $11) 42... Rxa3 {White must now prevent ...Bc3.} 43. Rxb4 {[%mdl 4096] Endgame KQR-KQR} Qf5 44. Rc4 g6 (44... Ra6 $16 45. Qe3 h5) 45. Rxc6 $18 Ra1+ 46. Kh2 {Hoping for Rf6.} Qf4+ 47. g3 Qxd4 {[#] intending ...Qd5.} 48. e6 $1 {[%cal Re6f7] Intending exf7+ and mate.} Qd5 (48... Ra7 {was worth a try.} 49. h4 Re7) 49. exf7+ {[%mdl 64] Discovered Attack} Qxf7 {[#]} 50. Qc2 $1 {Accuracy: White = 59%, Black = 37%.} ({Don't take} 50. Rc8+ $6 Kh7 $16) 1-0

[Event "Irish International Open 2019"]
[Site "Dublin"]
[Date "2019.04.20"]
[Round "5.4"]
[White "Hovhannisyan, Mher"]
[Black "Strikovic, Aleksa"]
[Result "1/2-1/2"]
[WhiteElo "2462"]
[BlackElo "2493"]
[Annotator "TA"]
[PlyCount "30"]
[EventDate "2019.02.28"]
[EventType "swiss"]
[EventCountry "IRL"]
[SourceTitle "playchess.com"]
[Source "ChessBase"]
[SourceQuality "1"]

{[%evp 13,30,-9,-6,-11,0,0,0,0,0,0,-12,-12,-3,-12,-15,-14,-9,-25,6]} 1. Nf3 c5 2. c4 g6 3. Nc3 Bg7 4. g3 Nc6 5. Bg2 d6 6. O-O Rb8 7. d3 a6 8. a4 {A37: Symmetrical English vs ...g6: 4 Bg2 Bg7 5 Nf3} e6 (8... Nf6 9. Bg5 h6 10. Bd2 O-O 11. Nd5 Nxd5 12. cxd5 Nb4 13. Qb3 a5 14. Bc3 e5 15. dxe6 Bxe6 16. Qd1 Re8 {½-½ (79) Musat,A (2398)-Ivanisevic,I (2643) Calimanesti 2014}) 9. e3 Nge7 10. d4 {The position is equal.} O-O 11. dxc5 $146 ({Predecessor:} 11. Ne2 Na5 12. Qd3 e5 13. Nd2 exd4 14. exd4 Bf5 15. Be4 Re8 {0-1 (26) Salokangas,H-Rantanen,Y (2405) Helsinki 1990}) 11... dxc5 12. Qxd8 Rxd8 13. a5 Nb4 14. Na4 Nd3 15. Rd1 {[#] Ra3 is the strong threat.} Nc6 1/2-1/2

[Event "Irish International Open 2019"]
[Site "Dublin"]
[Date "2019.04.20"]
[Round "5.5"]
[White "Thorfinnsson, Bjorn"]
[Black "Mihalik, Agoston"]
[Result "1-0"]
[WhiteElo "2399"]
[BlackElo "2203"]
[Annotator "NA"]
[PlyCount "33"]
[EventDate "2019.02.28"]
[EventType "swiss"]
[EventCountry "IRL"]
[SourceTitle "playchess.com"]
[Source "ChessBase"]
[SourceQuality "1"]
[TimeControl "5400+30"]

1. c4 {[%emt 0:00:00]} e5 {[%emt 0:00:00]} 2. g3 {[%emt 0:00:00]} Nf6 {[%emt 0:00:00]} 3. Bg2 {[%emt 0:00:03]} h6 {[%emt 0:00:33]} 4. Nc3 {[%emt 0:00:31]} Bb4 {[%emt 0:00:18]} 5. Qc2 {[%emt 0:01:45]} O-O {[%emt 0:01:28]} 6. Nf3 {[%emt 0:00:57]} Re8 {[%emt 0:01:11]} 7. O-O {[%emt 0:00:20]} Nc6 {[%emt 0:03:34]} 8. e3 {[%emt 0:00:38]} Bxc3 {[%emt 0:17:40]} 9. bxc3 {[%emt 0:08:48]} e4 {[%emt 0:01:06]} 10. Nd4 {[%emt 0:02:22]} b6 {[%emt 0:05:18]} 11. f3 {[%emt 0:01:37]} Bb7 {[%emt 0:06:07]} 12. Nf5 {[%emt 0:01:38]} Ne5 {[%emt 0:12:34]} 13. fxe4 {[%emt 0:00:24]} d6 {[%emt 0:04:13]} 14. d3 {[%emt 0:03:07]} a5 {[%emt 0:04:13]} 15. Qe2 {[%emt 0:03:38]} Ba6 {[%emt 0:04:24]} 16. Bd2 {[%emt 0:01:37]} g6 {[%emt 0:02:34]} 17. Nxh6+ {[%emt 0:25:28]} 1-0

[Event "Irish International Open 2019"]
[Site "Dublin"]
[Date "2019.04.20"]
[Round "5.6"]
[White "Menzies, Colin"]
[Black "Longson, Alexander"]
[Result "0-1"]
[WhiteElo "2183"]
[BlackElo "2318"]
[Annotator "NA"]
[PlyCount "41"]
[EventDate "2019.02.28"]
[EventType "swiss"]
[EventCountry "IRL"]
[SourceTitle "playchess.com"]
[Source "ChessBase"]
[SourceQuality "1"]
[TimeControl "5400+30"]

1. Nf3 {[%emt 0:00:00]} d5 {[%emt 0:00:00]} 2. c4 {[%emt 0:00:00]} e6 {[%emt 0:00:00]} 3. b3 {[%emt 0:00:00]} Nf6 {[%emt 0:01:16]} 4. Bb2 {[%emt 0:00:00]} Nbd7 {[%emt 0:01:35]} 5. e3 {[%emt 0:00:31]} Bd6 {[%emt 0:00:43]} 6. Be2 {[%emt 0:01:57]} O-O {[%emt 0:00:48]} 7. Nc3 {[%emt 0:01:12]} c6 {[%emt 0:03:37]} 8. Qc2 {[%emt 0:00:53]} a6 {[%emt 0:04:06]} 9. Rg1 {[%emt 0:03:10]} b5 {[%emt 0:12:04]} 10. g4 {[%emt 0:00:25]} bxc4 {[%emt 0:00:59]} 11. bxc4 {[%emt 0:04:52]} Rb8 {[%emt 0:00:10]} 12. g5 {[%emt 0:03:04]} Ne4 {[%emt 0:01:12]} 13. Nxe4 {[%emt 0:09:42]} dxe4 {[%emt 0:00:08]} 14. Nd4 {[%emt 0:00:45]} c5 {[%emt 0:13:33]} 15. Nb3 {[%emt 0:02:53]} a5 {[%emt 0:05:06]} 16. h4 {[%emt 0:25:34]} a4 {[%emt 0:07:12]} 17. Nc1 {[%emt 0:01:05]} Rxb2 {[%emt 0:01:05]} 18. Qxb2 {[%emt 0:01:00]} Be5 {[%emt 0:00:33]} 19. Qb1 {[%emt 0:00:17]} Qc7 {[%emt 0:04:49]} 20. a3 {[%emt 0:01:11]} Bxa1 {[%emt 0:01:55]} 21. Qxa1 {[%emt 0:00:29]} 0-1

[Event "Irish International Open 2019"]
[Site "Dublin"]
[Date "2019.04.20"]
[Round "5.7"]
[White "De Verdier, Michael"]
[Black "Han, Yichen"]
[Result "1-0"]
[WhiteElo "2306"]
[BlackElo "2190"]
[Annotator "NA"]
[PlyCount "49"]
[EventDate "2019.02.28"]
[EventType "swiss"]
[EventCountry "IRL"]
[SourceTitle "playchess.com"]
[Source "ChessBase"]
[SourceQuality "1"]
[TimeControl "5400+30"]

1. Nf3 {[%emt 0:00:00]} Nf6 {[%emt 0:00:00]} 2. c4 {[%emt 0:00:00]} g6 {[%emt 0:00:00]} 3. g3 {[%emt 0:00:24]} Bg7 {[%emt 0:00:00]} 4. Bg2 {[%emt 0:00:04]} O-O {[%emt 0:00:00]} 5. O-O {[%emt 0:00:46]} d6 {[%emt 0:00:27]} 6. d4 {[%emt 0:01:25]} Nc6 {[%emt 0:03:43]} 7. Nc3 {[%emt 0:02:31]} a6 {[%emt 0:00:37]} 8. b3 {[%emt 0:00:41]} Bd7 {[%emt 0:04:24]} 9. Bb2 {[%emt 0:09:39]} Na5 {[%emt 0:02:04]} 10. Qd2 {[%emt 0:05:03]} c5 {[%emt 0:02:06]} 11. dxc5 {[%emt 0:03:09]} dxc5 {[%emt 0:00:45]} 12. Ne5 {[%emt 0:06:27]} Bc6 {[%emt 0:13:54]} 13. Qxd8 {[%emt 0:02:48]} Rfxd8 {[%emt 0:01:16]} 14. Nxc6 {[%emt 0:00:12]} Nxc6 {[%emt 0:00:08]} 15. Rad1 {[%emt 0:01:50]} Nd7 {[%emt 0:08:01]} 16. Bxc6 {[%emt 0:05:58]} bxc6 {[%emt 0:00:07]} 17. Rd2 {[%emt 0:00:30]} Bxc3 {[%emt 0:05:32]} 18. Bxc3 {[%emt 0:00:02]} Nf6 {[%emt 0:00:14]} 19. f3 {[%emt 0:05:08]} Rd7 {[%emt 0:02:23]} 20. Rxd7 {[%emt 0:02:08]} Nxd7 {[%emt 0:01:19]} 21. Rd1 {[%emt 0:00:12]} Ra7 {[%emt 0:00:05]} 22. Ba5 {[%emt 0:03:03]} Rb7 {[%emt 0:04:35]} 23. Kf2 {[%emt 0:01:56]} f6 {[%emt 0:01:51]} 24. Ke3 {[%emt 0:02:50]} Kf7 {[%emt 0:00:52]} 25. Kd2 {[%emt 0:04:14]} 1-0